Прокламация "Совета Всероссийского учительского союза" об отказе союза от совместной работы с советским правительством

Доступно только в Электронных читальных залах Найти на картеНа карте
RUSMARC
00004089nac2a22002651x 450
00146515ab5-a292-4c72-b676-10c62c8748b5
00520131009131920.0
100##$a20130529l1927 k y0rusy50 ca
1010#$arus
102##$aRU
105##$ay z |||||
2001#$aПрокламация "Совета Всероссийского учительского союза" об отказе союза от совместной работы с советским правительством
$j[19--]
215##$a2 листа
251##$cДело
300##$aЗаголовок дела на папке: Антисоветская прокламация "Совета Всероссийского учительского союза" об отказе союза от совместной работы с правительством большевиков
300##$aМашинопись
330##$aДокументальные материалы, отложившиеся в результате творческой деятельности А. Ф. Кони; Документальные материалы, собранные А. Ф. Кони для своих работ; К биографическим очеркам, мемуарам и другим работам А. Ф. Кони
461#0$10013a54f2e3-e9cf-409b-80fa-f0a9bd3c40cb
$12001
$aКони Анатолий Федорович, юрист, литератор, член академии наук, председатель Санкт-Петербургского окружного суда, член государственного совета
$1251
$cФонд
$1852
$j564
462#0$100178a475cd-a47d-4377-bff3-cee4b81de655
$12001
$aОпись дел фонда А. Ф. Кони за 1880-1931 гг.
$1251
$cОпись
$1852
$j1
517##$aАнтисоветская прокламация "Совета Всероссийского учительского союза" об отказе союза от совместной работы с правительством большевиков
600#1$aКони
$bА. Ф.
$f1844-1927
$gАнатолий Федорович
60102$aСовет Всероссийского учительского союза
801#0$aRU
$bGA_RF
801#1$aRU
$bНПО Опыт
$c20130529
$2rusmarc
801#2$aRU
$bПБ им. Б.Н. Ельцина
$c20131009
$gRCR
$2rusmarc
852##$aГА РФ
$j442
937##$d38636713
$hПБ
035##$aRuPRLIB51001311
Формат отображения